Las lágrimas de Eros: (Record no. 185009)

MARC details
000 -LEADER
campo de control de longitud fija 01137nam a2200313 i 4500
001 - NÚMERO DE CONTROL
campo de control 185009
003 - IDENTIFICADOR DE NÚMERO DE CONTROL
campo de control SpMaBN
005 - FECHA Y HORA DE LA ÚLTIMA TRANSACCIÓN
campo de control 20250818053258.0
008 - DATOS DE LONGITUD FIJA--INFORMACIÓN GENERAL
campo de control de longitud fija 160304s1997 sp a |||| |dspa d
020 ## - NÚMERO INTERNACIONAL ESTÁNDAR DEL LIBRO
Número Internacional Estándar del Libro 84-8310-524-1
080 ## - NÚMERO DE LA CLASIFICACIÓN DECIMAL UNIVERSAL
Número de la Clasificación Decimal Universal 7.049
080 ## - NÚMERO DE LA CLASIFICACIÓN DECIMAL UNIVERSAL
Número de la Clasificación Decimal Universal 159.942.2
100 1# - ENTRADA PRINCIPAL--NOMBRE DE PERSONA
Nombre de persona Bataille, Georges.
9 (RLIN) 26391
245 14 - MENCIÓN DEL TÍTULO
Título Las lágrimas de Eros:
Resto del título [iconografía en colaboración con J.M. Lo Duca] /
Mención de responsabilidad, etc. Georges Bataille ; introducción de J.M. Lo Duca ; traducción de David Fernández.
250 ## - MENCION DE EDICION
Mención de edición 1ª ed. en col. Ensayo.
260 ## - PUBLICACIÓN, DISTRIBUCIÓN, ETC.
Lugar de publicación, distribución, etc. Barcelona :
Nombre del editor, distribuidor, etc. Tusquets,
Fecha de publicación, distribución, etc. 1997.
300 ## - DESCRIPCIÓN FÍSICA
Extensión 266 p. :
Otras características físicas il. ;
Dimensiones 21 cm.
490 1# - MENCIÓN DE SERIE
Mención de serie Ensayo ;
Designación de volumen o secuencia 33
500 ## - NOTA GENERAL
Nota general Índice.
505 8# - NOTA DE CONTENIDO CON FORMATO
Nota de contenido con formato Contiene: Georges Bataille en la distancia / J.M. Lo Duca. Cartas inéditas [de G. Bataille]
650 #7 - PUNTO DE ACCESO ADICIONAL DE MATERIA--TÉRMINO DE MATERIA
Término de materia o nombre geográfico como elemento de entrada Arte erótico
Fuente del encabezamiento o término embne
9 (RLIN) 158969
650 #7 - PUNTO DE ACCESO ADICIONAL DE MATERIA--TÉRMINO DE MATERIA
Término de materia o nombre geográfico como elemento de entrada Erotismo
Fuente del encabezamiento o término embne
9 (RLIN) 171042
700 1# - ENTRADA AGREGADA--NOMBRE PERSONAL
Nombre de persona Lo Duca, Giuseppe Maria.
9 (RLIN) 72983
700 1# - ENTRADA AGREGADA--NOMBRE PERSONAL
Nombre de persona Fernández, David
Títulos y otros términos asociados al nombre (traductor)
9 (RLIN) 158970
740 02 - ENTRADA AGREGADA--TÍTULO RELACIONADO/ANALÍTICO NO CONTROLADO
Título relacionado o analítico no controlado Cartas inéditas.
830 1# - PUNTO DE ACCESO ADICIONAL DE SERIE-TÍTULO UNIFORME
Título uniforme Ensayo ;
Designación de volumen o secuencia 33
9 (RLIN) 177699
852 ## - LOCALIZACIÓN
Ubicación ES-MaACL
Número de control de estantería L-30243
Nota libre - Donat. Miguel A. Velasco
Holdings
Estatus retirado Estado de pérdida Estado de daño No para préstamo Biblioteca de origen Biblioteca actual Ubicación en estantería Fecha de adquisición Fuente de adquisición Total de préstamos Signatura topográfica completa Código de barras Visto por última vez Precio de reemplazo Tipo de ítem Koha
        Biblioteca del Ateneo de Madrid Biblioteca del Ateneo de Madrid Depósito 2 04/03/2016     L-30243 1194869 23/02/2023 23/02/2023 Libro impreso